Francia A-Z - Estadísticas

Estadísticas generales
  • Esta prueba ha sido intentada 63 veces
  • La puntuación promedio es 19 de 26
Estadísticas de respuestas
Descripción Palabra % Correcto
B El resto del nombre de Napoleón Bonaparte
100%
F Nombre del país en francés France
100%
P Famoso pintor español muerto en francia Picasso
98%
L Es el museo de arte más visitado del mundo Louvre
96%
R Torneo de tenis de fama mundial Roland-Garros
95%
G Departamento francés en Sudamérica Guyana (francesa)
93%
M Ciudad donde su club de fútbol ganó una Liga de Campeones en 1993 Marsella
93%
H Qué es "La Marsellesa" para los franceses Himno
91%
E Ingeniero francés creador de la torre homónima Eiffel
86%
W Famosa batalla perdida por Napoleón Waterloo
86%
T Un arco famoso Triunfo
84%
Z Futbolista famoso en la década de 2000 Zidane
82%
D Capital mundial de la mostaza Dijon
79%
I País fronterizo cerca de Menton Italia
77%
Y Pequeño país africano situado cerca del cuerno de África donde el francés es la lengua oficial Yibuti
70%
N Es la capital del departamento de Loira Atlántico y de la región de Países del Loira Nantes
68%
X Luis, Rey de Francia y de Navarra, sucesor de Luis XIV XV
64%
U La Sorbona es una de ellas Universidad
59%
S Presidente de la República Francesa entre 2007 y 2012 Sarkozy
57%
O Región fronteriza de francia con españa Occitania
55%
Q Palabra francesa que designa un tipo de tarta salada Quiche
55%
A La isla de guadalupe es una de ellas Antillas (francesas)
54%
C Queso famoso de Normandía Camembert
48%
J Nombre de pila de «Chirac», ex Presidente francés Jacques
46%
V Sistema montañoso en el noreste de Francia, frontera natural entre las regiones de Alsacia y de Lorena Vosgos
14%
K Ciudad donde se encuentra el centro espacial en américa del sur Kourou
7%
No se encontraron pruebas coincidentes
Distribución de puntuación
Porcentaje de gente con cada puntuación
Porcentaje por número respondido
Historial de tus puntuaciones
No has intentado esta prueba.